| 000 | 00880nam a2200205Ia 4500 | ||
|---|---|---|---|
| 003 | OSt | ||
| 005 | 20250714141546.0 | ||
| 008 | 210210b2003 xxu||||| |||| 00| 0 eng d | ||
| 040 | _cAL | ||
| 041 | _aKannada | ||
| 082 | _aK894.8 SAMA | ||
| 100 |
_aSAMAGRA DASA SAHITYA. _9151175 _dಸಮಗ್ರ ದಾಸ ಸಾಹಿತ್ಯ |
||
| 245 |
_aSamagra dasa sahitya: samputa; 28, Shri Vidya prasanna tirtharu hagu ithara yatigala kirtanegalu. _bಸಮಗ್ರ ದಾಸ ಸಾಹಿತ್ಯ : ಸಂಪುಟ ೨೮, ಶ್ರೀ ವಿದ್ಯಾಪ್ರಸನ್ನ ತೀರ್ಥರು ಹಾಗು ಇತರ ಯತಿಗಳ ಕೀರ್ತನೆಗಳು |
||
| 260 |
_aBengaluru _bKannada mattu Samskrati Nirdeshanalalya _c2003 |
||
| 300 | _a84,477 | ||
| 650 |
_aDasasahitya _9151176 |
||
| 690 |
_aKannada Miscellaneous _9151177 |
||
| 906 | _a059403 | ||
| 942 |
_2ddc _cBK |
||
| 999 |
_c106747 _d106747 |
||